000 00307nam a2200133Ia 4500
005 20251222143244.0
008 251222s9999||||xx |||||||||||||| ||spa||
020 _a958-42-0182-4
082 _a869.813/B42N/1
100 _aBenedetti, Mario
245 0 _aInventario Uno:
264 _bPlaneta
942 _cLIB
999 _c14698
_d14698